| 000 | 00773naa a2200229 i 4500 | ||
|---|---|---|---|
| 001 | 1754 | ||
| 003 | ES-MaBCM | ||
| 005 | 20241016090605.0 | ||
| 008 | 880425s1988 esp 000 0 spa d | ||
| 021 | _axx | ||
| 035 | _a(OCoLC)1365164874 | ||
| 040 | _cES-MaBCM | ||
| 041 | 0 | _aspa | |
| 100 | 1 |
_aGuix Castellvi, Victor _920816 |
|
| 245 | 1 | 0 |
_aLey de patentes 11/1986 de 20 de marzo _cVíctor Guix Castellvi |
| 520 | _aSobre la ley que apareció en el BOE de 26 de marzo de 1986:culminación de su largo proceso, las causas que condujeron a la Ley, sus aportaciones | ||
| 650 | 2 | 7 |
_aPatente _959733 |
| 651 | 2 | 4 |
_aEspaña _9115342 |
| 655 | 4 |
_aLegislación comentada _9115338 |
|
| 773 | 0 |
_aEn: _tActualidad civil _dMadrid : 1988 _w104213 _gnº 15 y 16, abril |
|
| 942 | _cAREV | ||
| 999 |
_c1754 _d1754 |
||